| 000 | 01124nam a2200313 i 4500 | ||
|---|---|---|---|
| 003 | EG-GICUC | ||
| 005 | 20260430092510.0 | ||
| 008 | 260430s1909 fr abdefr|||| 000 0 fre d | ||
| 040 |
_aEG-GiCUC _bfre _cEG-GiCUC _dEG-GiCUC _eRda |
||
| 041 | 0 | _afre | |
| 082 | 0 | 4 |
_221 _a345.122 _bLA . D |
| 092 | 0 | 4 | _221 |
| 099 | _aLaw1 07 345.122 LA . D 1 ed - 1909 | ||
| 100 | 1 |
_a Lamba, Henri, _eAuteur |
|
| 245 | 1 | 0 |
_a Droit public et administratif de l'Égypte : _b lois organiques du Khédivat : administration - finances - justice / _c par Henri Lamba. |
| 264 |
_a Le Caire : _b Imprimerie Nationale, _c1909. |
||
| 300 |
_a694 page : _billustration,tableaux ; _c 24 cm. |
||
| 336 |
_2rda contenu _a texte |
||
| 337 |
_2rda medias _aOrdinateur |
||
| 338 |
_2 transporteur rda _a Ressource en ligne |
||
| 504 | _aComprend des références bibliographiques. | ||
| 546 | _aTexte en français | ||
| 650 | 1 | 4 |
_aDroit administratif. _2qrmak |
| 651 | 1 | _2qrmak | |
| 710 | _aMinistère De L'instruction Publique. | ||
| 856 | 4 | 0 | _uhttps://fll.law.cu.edu.eg/fulltext/bks/B07-03336.pdf |
| 905 | _a171 | ||
| 942 |
_2ddc _cBK _e21 _n0 |
||
| 999 |
_c74408 _d74408 |
||